Estadísticas para Países que Limitan Dos o Tres Océanos

Haz click aquí para tomar la prueba!

Estadísticas generales

  • Esta prueba ha sido tomada 4.180 veces
  • La puntuación promedio es 13 de 19

Estadísticas de respuestas

Océano #1Océano #2Océano #3País% Correcto
AtlánticoPacíficoÁrticoEstados Unidos
93%
ÁrticoAtlánticoPacíficoCanadá
90%
AtlánticoPacíficoMéxico
89%
AtlánticoPacíficoAntárticoArgentina
84%
AtlánticoPacíficoPanamá
83%
AtlánticoPacíficoColombia
81%
AtlánticoPacíficoChile
81%
ÁrticoAtlánticoPacíficoRusia
77%
AntárticoPacíficoAustralia
76%
AtlánticoPacíficoCosta Rica
74%
AtlánticoPacíficoNicaragua
73%
AtlánticoPacíficoGuatemala
70%
AtlánticoPacíficoHonduras
69%
AtlánticoÍndicoSudáfrica
67%
ÁrticoAtlánticoNoruega
53%
AtlánticoÍndicoEgipto
42%
ÍndicoPacíficoMalasia
40%
ÍndicoPacíficoTailandia
36%
ÍndicoAtlánticoIsrael
21%

Distribución de puntuación

Porcentaje por número respondido

Porcentaje de gente con cada puntuación

Historial de tus puntuaciones

No has tomado esta prueba